000 07044nam0a2200601 4500
001 RU\NLR\BIBL_A\011947541
005 20250809113147.0
020 _aRU
_9Ленинград в Великой Отечественной войне. Коллекция. Афиши
035 _a(NLR Aleph) 011947541
090 _a64171
_c64171
100 _a20190227d1944 u y0rusy50 ca
101 0 _arus
102 _aRU
105 _ay z 000zy
135 _acrcn 024anaba
200 1 _aБольшие концерты, суббота 10 и воскресенье 11 июня
_eучаствуют: Е.Д. Михайлов (Заслуж. арт. Респ.), Э.Г. Фишман (Лауреат Всесоюзн. конкурса муз. исп.), Карпова [и др.]. Партию ф-но исполняют Е.Ф. Рославлева и М.Т. Дулов. Ведет программу М.Ф. Игорева
_e[афиша]
_fУправление по делам искусств Исполкома Ленгорсовета, Закрытый Летний Театр Сада бывш. "БУФФ", Ленгосэстрада
210 _a[Ленинград]
_cЛТ УН-10
_d1944
215 _a1 л.
_d51х75
300 _aБилеты продаются в кассе театра ежедневно кроме понедельника с 11 до 20 ч. В саду играет оркестр и работает ресторан. Начало спектаклей в 19 час. Дети до 16 лет на вечерние спектакли не допускаются
300 _aЗак. 2201
325 _aКопия доступна в Электрон. б-ке РНБ
327 _aНа афише также: Спектакли ленинградского театра музкомедии. Понедельник 12 и вторник 13 июня : Ворона в павлиньих перьях: старинный русский водевиль в 3-х действиях Н.И. Куликова, в сопровождении оркестра народных инструментов. Постановка режиссера В.С. Васильева, дирижер А.В. Михайлов, художник Г.К. Кузнецов. Действующие лица: Павел Петрович Локтев - А.А. Масленников, Анна Павловна, его жена - Е.А. Хрусталева, Власьевна, нянька - К.Н. Астафьева (з.а.р.), Параша, ее дочь - Т.А. Сальникова, Антон Шаров, маркер з В.Н. Катеринский, Зарецкий, молодой франт - Г.К. Кузнецов, Федор, слуга Шарова - В.А. Смирнов, Танцмейстер - В.А. Кашкан, Сенька, мальчик из трактира - В. Пашков, Магазинщица - В.П. Семенченко. Концертное отделение при участии: Н.И. Болдыревой, Н.В. Колногоровой, Л.М. Лидиной [и др.]. Партию рояля исполняет О.В. Алексеева и А.А. Логинов. Среда 14 июня: Продавец птиц: музыкальная комедия в 3-х действиях, музыка Целлера, текст Вальяно. Постановка Г.М. Полячек. Художники Ф.И. Кузьмин и А.Д. Кетов. Дирижер М.П. Воловац. Балетмейстер К.Ф. Боярский. Действующие лица: Христина - Т.А. Сальникова, Мария - В.Н. Христиано
327 1 _aАделаида - К.Н. Астафьева (з.а.р.), Адам - Е.Д. Михайлов (з.а.р.), Вепс - А.В. Королькевич, Станислав - А.Г. Слонимский, Шнек - И.А. Громов, Зюфле - Б.Д. Таубе, Вюрмхен - В.Н. Кашкан, Шарнагель - Л.Н. Назарьевский, Гетта - Л.А. Черноброва, Небель - Ю.Ф. Чикунская, Нагфель - В.А. Иванов, Цвиллинг - Г.Д. Бутман, Вейнлебер - М.Х. Ростовский. Солисты балета: А.А. Анкудинова, М.В. Снежина, Л.П. Познякова [и др.]. Спектакль ведет Н.И. Климантов-Нанский
606 1 _aТеатральная жизнь
_yЛенинград, город
_z1941 - 1944
_jАфиши
_2nlr_sh2
_3RU\NLR\AUTH\6601649837
686 _aЩ333(2Р=Рус)7-692Ленинград
702 1 _aИгорева
_bМ. Ф.
_cконферансье
_3RU\NLR\AUTH\770201863
_4005
702 1 _aДулов
_bМ. Т.
_cпианист-ансамблист
_f1877-1948
_gМихаил Тимофеевич
_3RU\NLR\AUTH\770202221
_4005
702 1 _aРославлева
_bЕ. Ф.
_cпианистка
_3RU\NLR\AUTH\770202230
_4005
702 1 _aКарпова
_cартистка
_3RU\NLR\AUTH\770202276
_4005
702 1 _aМихайлов
_bЕ. Д.
_cартист
_f1903-1986
_gЕвгений Дмитриевич
_3RU\NLR\AUTH\770202259
_4005
702 1 _aФишман
_bЭ. Г.
_cвиолончелист, педагог
_f1907-1988
_gЭммануил Григорьевич
_3RU\NLR\AUTH\770202237
_4005
711 0 2 _aСад Буфф
_bЗакрытый летний театр
_cЛенинград
_3RU\NLR\AUTH\880496047
712 0 2 _aЛенинградское городское управление по делам искусств
_3RU\NLR\AUTH\889975365
_4570
712 0 2 _aЛенинградская государственная эстрада
_3RU\NLR\AUTH\880495396
_4570
712 0 2 _aЛенинградский театр музыкальной комедии
_3RU\NLR\AUTH\889923122
_4570
852 _aNLR
_jЛ3-330а/15/2/1944-июнь
856 0 _uhttp://vivaldi.nlr.ru/la700000245/view
856 1 _uhttp://vivaldi.nlr.ru/la700000245/cover
856 2 _uhttp://vivaldi.nlr.ru/la700000245/text
942 _cVISUAL
945 _aРоссийская национальная библиотека
980 _aNB
980 _aBV
980 3 _akplen
980 3 _akp
981 3 7 _a(37) Ленинград в Великой Отечественной войне
_b(37) Афиши блокадного Ленинграда